000 00430nam a2200157 i 4500
001 bg
245 0 _aMikrofalowa elektronika ciała stałego /
_cred. nauk. Andrzej Jeleński.
260 _aWarszawa :
_bPWN,
_c1976.
650 9 _aPółprzewodniki
_xstosowanie
650 9 _aCiało stałe
_xfizyka
040 _cBPK
041 _apol
080 _a621.382:539.2](061)
942 _cKS
008 s pl f |000 0 pol
999 _c17184
_d17184
856 _uhttp://koha.tu.koszalin.pl/cgi-bin/koha/opac-detail.pl?biblionumber=17184
_yKatalog online BPK